000 00486cas a22001935a 4500
001 L162
008 070613c1993 xxkqr p 0 a0eng
022 0 _a0965-4313
035 _a(Sirsi) u98800
041 0 _aeng
245 _aEuropean Planning Studies
260 _aAbingdon
_bCarfax Publishing Company
_c1993-
362 0 _a1(1) 1993-4(6) 1996
554 _aFour per year
651 4 _aEurope
690 _aPlanning and development
_96259
942 _n0
948 _c11/05/1994
999 _c118527
_d118527